Towards a Greener Europe: Spatial Spillovers, Regional Heterogeneity, and the Limits of the Environmental Kuznets Curve
Salvato in:
| Autore principale: | |
|---|---|
| Natura: | Capitolo di libro |
| Lingua: | inglese |
| Soggetti: | |
| Tags: |
Nessun Tag, puoi essere il primo ad aggiungerne!!
|
MARC
| LEADER | 00000naa$a2200000$$$4500 | ||
|---|---|---|---|
| 001 | 0313601 | ||
| 005 | 20251212113010.2 | ||
| 041 | 0 | |a eng | |
| 044 | |a GR | ||
| 245 | 1 | 0 | |a Towards a Greener Europe: Spatial Spillovers, Regional Heterogeneity, and the Limits of the Environmental Kuznets Curve |c Michaela Chocholatá |
| 500 | |a Abstrakt | ||
| 610 | 2 | 0 | |a ekológia |
| 610 | 2 | 0 | |a ekonomika priestorová |
| 610 | 2 | 0 | |a emisie |
| 610 | 2 | 0 | |a politika environmentálna |
| 610 | 2 | 0 | |a efekt skleníkový |
| 100 | 1 | |a Chocholatá, Michaela, 1977- | |